logo

Bir Sreshtho Munshi Abdur Rouf Library
Jhenaidah Cadet College

Brave new world and Brave new world revisited : (Record no. 10437)

MARC details
000 -LEADER
fixed length control field 00708nam a22002412a 4500
001 - CONTROL NUMBER
JCCL Control Number 10437
003 - CONTROL NUMBER IDENTIFIER
JCCL marc code BD-JhCC
005 - DATE AND TIME OF LATEST TRANSACTION
control field 20180428181852.0
008 - FIXED-LENGTH DATA ELEMENTS--GENERAL INFORMATION
fixed length control field 180426s1965 enk 000 1 eng d
020 ## - INTERNATIONAL STANDARD BOOK NUMBER
International Standard Book Number 822002566
035 ## - SYSTEM CONTROL NUMBER
system control number OCLC ocm10553641 from D951110M
-- (BD-JhCC)10437
040 ## - CATALOGING SOURCE
Original cataloging agency DLC
Transcribing agency DLC
Modifying agency UKM
-- EQO
-- BD-JhCC
041 ## - LANGUAGE CODE
Language code of Book eng
050 #0 - LIBRARY OF CONGRESS CALL NUMBER
Classification number PR6015.U9
Item number B65 1984
082 ## - DEWEY DECIMAL CLASSIFICATION NUMBER
Classification number 820.900912
DDC Edition number 19
Author mark and Year PAU 1965
100 ## - MAIN ENTRY--PERSONAL NAME
Personal name Paul, Warren
245 10 - TITLE STATEMENT
Title Brave new world and Brave new world revisited :
Remainder of title notes ... /
Statement of responsibility, etc Warren Paul,
260 ## - PUBLICATION, DISTRIBUTION, ETC. (IMPRINT)
Place of publication, distribution, etc London :
Name of publisher, distributor, etc Cliff's notes,
-- Hogarth Press,
Date of publication, distribution, etc 1965.
300 ## - PHYSICAL DESCRIPTION
Pagination 66 p. :
Dimensions 21 p
600 ## - SUBJECT ADDED ENTRY--PERSONAL NAME
Personal name Huxley, Aldous, 1894-1963
942 ## - ADDED ENTRY ELEMENTS (KOHA)
Source of classification or shelving scheme Dewey Decimal Classification
Koha item type Books
Holdings
Source of classification or shelving scheme Damaged status Not for loan Home library Current library Shelving location Cost, normal purchase price Total Checkouts Full call number Barcode Date last seen Copy number Koha item type Date of accession
Dewey Decimal Classification     JCC Rouf Library JCC Rouf Library General Stacks 1.00   820.900912 PAU 1965 13883 04/26/2018 C-1 Books  
Dewey Decimal Classification     JCC Rouf Library JCC Rouf Library General Stacks 1.00   820.900912 PAU 1965 13882 04/26/2018 C-2 Books  
Dewey Decimal Classification     JCC Rouf Library JCC Rouf Library General Stacks 1.00   820.900912 PAU 1965 13881 04/26/2018 C-3 Books  
Dewey Decimal Classification     JCC Rouf Library JCC Rouf Library General Stacks 1.00   820.900912 PAU 1965 13872 04/28/2018 C-4 Books 04/28/2018
Dewey Decimal Classification     JCC Rouf Library JCC Rouf Library General Stacks 1.00   820.900912 PAU 1965 14026 04/28/2018 C-5 Books 04/28/2018
Dewey Decimal Classification     JCC Rouf Library JCC Rouf Library General Stacks 1.00   820.900912 PAU 1965 14025 04/28/2018 C-6 Books 04/28/2018
Dewey Decimal Classification     JCC Rouf Library JCC Rouf Library General Stacks 1.00   820.900912 PAU 1965 14024 04/28/2018 C-7 Books 04/28/2018
Dewey Decimal Classification     JCC Rouf Library JCC Rouf Library General Stacks 1.00   820.900912 PAU 1965 14023 04/28/2018 C-8 Books 04/28/2018
Dewey Decimal Classification     JCC Rouf Library JCC Rouf Library General Stacks 1.00   820.900912 PAU 1965 14022 04/28/2018 C-9 Books 04/28/2018
Dewey Decimal Classification     JCC Rouf Library JCC Rouf Library General Stacks 1.00   820.900912 PAU 1965 14021 04/28/2018 C-10 Books 04/28/2018
Dewey Decimal Classification     JCC Rouf Library JCC Rouf Library General Stacks 1.00   820.900912 PAU 1965 14110 04/30/2018 C-11 Books 04/30/2018

JCC Library | Contacts | JCC Home

Last Update on 23 September 2017
Copyright @ 2017-2020 JCC Rouf Library
Rouf Library, Jhenidah Cadet College (JCC), Bangladesh